Sobre los orígenes medievales del estado moderno
I tiakina i:
| Kaituhi matua: | |
|---|---|
| Hōputu: | Pukapuka |
| Reo: | Pāniora |
| I whakaputaina: |
Barcelona
Ariel
1981
|
| Putanga: | 1a. ed |
| Rangatū: | Ariel Quincenal, 159
|
| Ngā marau: | |
| Ngā Tūtohu: |
Tāpirihia he Tūtohu
Kāore He Tūtohu, Me noho koe te mea tuatahi ki te tūtohu i tēnei pūkete!
|
MARC
| LEADER | 00000cam a2200000 a 4500 | ||
|---|---|---|---|
| 001 | UCS7089 | ||
| 003 | CL-VaPUC | ||
| 008 | 971010e19810000SP |||||||||||||||||spa|d | ||
| 020 | |a 8434408236 | ||
| 082 | 0 | 4 | |a 320.1 |b STR |2 21 |
| 100 | 0 | |a Strayer, Joseph R |e author |9 392354 | |
| 245 | 1 | 0 | |a Sobre los orígenes medievales del estado moderno |
| 250 | |a 1a. ed | ||
| 300 | |a 154 p | ||
| 942 | |c BK | ||
| 945 | |d 19971010 00:00:00 |a lriquelm | ||
| 260 | |a Barcelona |b Ariel |c 1981 | ||
| 650 | 0 | |a Estado |9 255503 | |
| 650 | 0 | |a Ciencias Políticas |9 255201 | |
| 650 | 0 | |a Historia |9 255047 | |
| 650 | 0 | |a Edad media |9 258041 | |
| 583 | |a last modification |c 20160606 08:59:55 |k Rodrigo Vera | ||
| 490 | 0 | |a Ariel Quincenal, 159 | |
| 999 | |c 262441 |d 262439 | ||
| 952 | |0 0 |1 0 |4 0 |6 320_100000000000000_STR_1981 |7 0 |8 DER_HIS |9 290933 |a BIBDER |b BIBDER |d 2019-11-19 |i 1888331 |o 320.1 STR 1981 |p 1888331 |r 2023-01-25 |w 2019-11-19 |x Ubicación 4to Piso |y BK |z Estos recursos deben solicitarse con anticipación |k DER | ||
| 952 | |0 0 |1 0 |3 erb |4 0 |6 320_100000000000000_STR_1981 |7 0 |8 A |9 290934 |a FDOHBE |b FDOHBE |e Huesbe Llanos, Marco Antonio, 1934- |i 5330629 |o 320.1 STR 1981 |p 5330629 |r 2024-01-30 |w 2019-11-19 |y BK |z Catalogado en:20160609 |k HBE | ||